Malé a stredné podniky v procese globalizácie

Salvato in:
Dettagli Bibliografici
Autore principale: Bobáková, Viktória
Natura: Capitolo di libro
Lingua:slovacco
Tags: Aggiungi Tag
Nessun Tag, puoi essere il primo ad aggiungerne!!

MARC

LEADER 00000naa$a2200000$$$4500
001 0085789
005 20240502071956.5
041 0 |a slo 
044 |a SK 
245 1 0 |a Malé a stredné podniky v procese globalizácie  |c Viktória Bobáková 
100 1 |a Bobáková, Viktória